Senora-Jul-Paroles - Statistiques

Statistiques générales
  • Ce quiz a été pris 282 fois
  • Le résultat moyen est 224 sur 328
Statistiques - réponses
Paroles % Correct
à
94%
a
94%
A
94%
Ce
92%
ce
92%
la
91%
de
90%
m'a
90%
Ma
90%
ma
90%
se
89%
Elle
88%
elle
88%
faire,
87%
j'suis
87%
soir
87%
y'a
85%
le
83%
me
83%
rien
83%
belle
81%
belle,
81%
J'ai
81%
j'ai
81%
belle
80%
dans
80%
trop
80%
ailleurs
79%
des
79%
moi,
79%
,moi,
79%
Moi
79%
moi
79%
un
78%
Senora,
77%
te
77%
mes
75%
Mes
75%
mon
74%
Pour
74%
en
73%
flash
73%
histoire
73%
pas
73%
tu
73%
d'oublier
72%
son
72%
beau
71%
fesse,
71%
fou
71%
fou,
71%
J'viens
71%
On
71%
potes,
71%
potes
71%
rendu
71%
tailleur
71%
une
71%
fait
70%
l'œil,
70%
miss,
70%
plus
70%
tapé
70%
tout
70%
que
69%
J'croise
68%
mots,
68%
mots
68%
s'est
68%
valeur
68%
avec
67%
Certains
67%
dit
67%
elles
67%
l'heure
67%
mignon
67%
mise
67%
quoi
67%
l'malheur
66%
m'as
66%
millions
66%
monde,
66%
monde
66%
num,
66%
parceque
66%
t'es
66%
.pris
65%
caisse,
64%
cœur,
64%
coeur
64%
femmes,
64%
gaffe
64%
il
64%
J'perds
64%
j'sais
64%
laissez-moi
64%
les
64%
l'instant
64%
Mais
64%
mais
64%
aux
63%
d'boire
63%
du
63%
mal,
63%
drames
62%
font
62%
l'intérieur,
62%
charme
61%
est
61%
Et
61%
Et,
61%
fais
61%
Mauvaises
61%
même
61%
qui
61%
soirée
61%
dis
60%
j'regarde
60%
t'aura,
59%
détourne
58%
détestent,
57%
m'ont
57%
vie,
57%
voir
57%
partout,
56%
toi
56%
vu
56%
cassé
55%
mimi
55%
avait
54%
dur
54%
l'air
54%
perdu
54%
pourtant
54%
j'vois
53%
life
53%
finis
52%
J'raconte
52%
love
52%
problèmes
52%
gentil
51%
ignores
51%
Ignores
51%
ciel,
50%
confiance,
50%
d'étoiles
50%
drogue
50%
j'en
50%
promis
50%
qu'eux
50%
voila
50%
croire
49%
j'retourne
49%
tombé
49%
voiles
49%
Fallait
48%
prit
48%
attendu
47%
avoir
47%
m'avait
47%
m'comprennent
47%
méchant,
47%
qu'j'aime,
47%
croyait
46%
fendu
46%
l'esprit
46%
peut-être
46%
Toute
46%
désespéré,
45%
j'l'aurais
45%
j'sois
44%
tire
44%
tordue
42%
J'descends
41%
rendus
39%
d'chez
38%
mettres
37%
Pourquoi
35%
qu'j'suis
33%
timides,
33%
J'appellerais
31%
s'que
17%
REFRAIN
6%
Aucun quiz correspondant
Distribution des résultats
% des personnes avec chaque résultat
Percentile par nombre de réponses
Votre historique - résultats
Vous n’avez pas pris ce quiz